សៀវភៅហ្វឹកហាត់ សរសេរតាមអាននិងតែងសេចក្តី ថ្នាក់ទី ៤ / (Record no. 9159)

MARC details
000 -LEADER
fixed length control field 01820nam a22002417a 4500
001 - CONTROL NUMBER
control field 9159
003 - CONTROL NUMBER IDENTIFIER
control field FISKH
005 - DATE AND TIME OF LATEST TRANSACTION
control field 20260325093020.0
008 - FIXED-LENGTH DATA ELEMENTS--GENERAL INFORMATION
fixed length control field 251126b cb ||||| |||| 00| 0 eng d
020 ## - INTERNATIONAL STANDARD BOOK NUMBER
International Standard Book Number 9789995002169
040 ## - CATALOGING SOURCE
Original cataloging agency FISKH
Language of cataloging khr
Transcribing agency FISKH
Modifying agency FISKH
050 ## - LIBRARY OF CONGRESS CALL NUMBER
Classification number PZ7
082 ## - DEWEY DECIMAL CLASSIFICATION NUMBER
Classification number 372.6
100 ## - MAIN ENTRY--PERSONAL NAME
Personal name Sombo, Prey
245 ## - TITLE STATEMENT
Title សៀវភៅហ្វឹកហាត់ សរសេរតាមអាននិងតែងសេចក្តី ថ្នាក់ទី ៤ /
Statement of responsibility, etc. អ្នកនិពន្ធនិងរៀបរៀង លោក ព្រៃ សំបូរ , អ្នកវាយអត្ថបទ លោកស្រី ហាក់ ផាន្នី
260 ## - PUBLICATION, DISTRIBUTION, ETC.
Place of publication, distribution, etc. ភ្នំពេញ :
Name of publisher, distributor, etc. គ្រឹះស្ថានបោះពុម្ពនិងចែកផ្សាយ ,
Date of publication, distribution, etc. 2019​ .
300 ## - PHYSICAL DESCRIPTION
Extent 106 pages :
Other physical details color illustrations ;
Dimensions 21 cm .
520 ## - SUMMARY, ETC.
Summary, etc. សៀវភៅនេះត្រូវបានរៀបចំឡើង ដើម្បីជាជំនួយដល់ការបង្រៀននិងរៀនរបស់លោកគ្រូ អ្នកគ្រូ សិស្សានុសិស្ស និងមិត្តអ្នកសិក្សាទាំងអស់លើផ្នែកសរសេរតាមអាន និងតែងសេចក្តី ដើម្បីអោយទទួលបានលទ្ធផលល្អ និងប្រកបដោយប្រសិទ្ធិភាពខ្ពស់ ។
520 ## - SUMMARY, ETC.
Summary, etc. “This book has been prepared to support the teaching and learning of teachers, students, and all learners in the areas of writing, reading, and composition, in order to achieve good results and high effectiveness.”
700 ## - ADDED ENTRY--PERSONAL NAME
Personal name Vanten, Houy
Relator term Illustrator
942 ## - ADDED ENTRY ELEMENTS (KOHA)
Source of classification or shelving scheme Dewey Decimal Classification
Koha item type Khmer Books
Suppress in OPAC No
Holdings
Withdrawn status Lost status Source of classification or shelving scheme Damaged status Not for loan Collection Home library Current library Shelving location Date acquired Total Checkouts Full call number Barcode Date last seen Copy number Price effective from Koha item type
    Dewey Decimal Classification     Reference Footprints International School Library Network Toul Tom Poung Campus Footprints International School Library Network Toul Tom Poung Campus Librarian's Shelf TTP 11/26/2025   SOM PZ7 372.6 2025-4910 11/26/2025 1 11/26/2025 Khmer Books
    Dewey Decimal Classification     Reference Footprints International School Library Network Toul Tom Poung Campus Footprints International School Library Network Toul Tom Poung Campus Librarian's Shelf TTP 03/25/2026   SOM PZ7 372.6 2026-0372 03/25/2026 2 03/25/2026 Khmer Books